<?xml version="1.0" encoding="UTF-8"?>
<record
    xmlns:xsi="http://www.w3.org/2001/XMLSchema-instance"
    xsi:schemaLocation="http://www.loc.gov/MARC21/slim http://www.loc.gov/standards/marcxml/schema/MARC21slim.xsd"
    xmlns="http://www.loc.gov/MARC21/slim">

  <leader>00692nam a22002057a 4500</leader>
  <controlfield tag="005">20220519125738.0</controlfield>
  <controlfield tag="008">110314t        ag||||| |||| 00| 0 spa d</controlfield>
  <datafield tag="020" ind1=" " ind2=" ">
    <subfield code="a">9500694808</subfield>
  </datafield>
  <datafield tag="050" ind1="0" ind2="4">
    <subfield code="a">RK533 </subfield>
    <subfield code="b">A53 1992</subfield>
  </datafield>
  <datafield tag="100" ind1="1" ind2=" ">
    <subfield code="a">Andreasen, Jens O.</subfield>
  </datafield>
  <datafield tag="245" ind1="1" ind2="0">
    <subfield code="a">Reimplantaci&#xF3;n y trasplante en odontolog&#xED;a :</subfield>
    <subfield code="b">atlas color /</subfield>
    <subfield code="c">Jens O. Andreasen ; Lennart Haakansson coor. ; il. Poul Buckhoj.</subfield>
  </datafield>
  <datafield tag="250" ind1=" " ind2=" ">
    <subfield code="a">1a ed.</subfield>
  </datafield>
  <datafield tag="260" ind1=" " ind2=" ">
    <subfield code="a">Buenos Aires :</subfield>
    <subfield code="b">Medica Panamericana,</subfield>
    <subfield code="c">c1992</subfield>
  </datafield>
  <datafield tag="300" ind1=" " ind2=" ">
    <subfield code="a">302 p. :</subfield>
    <subfield code="b">il. ;</subfield>
    <subfield code="c">31 cm.</subfield>
  </datafield>
  <datafield tag="504" ind1=" " ind2=" ">
    <subfield code="a">Incluye bibliografias e indice</subfield>
  </datafield>
  <datafield tag="650" ind1=" " ind2="7">
    <subfield code="2">Lemb</subfield>
    <subfield code="a">Implantes dentarios</subfield>
  </datafield>
  <datafield tag="700" ind1="1" ind2=" ">
    <subfield code="a">Haakansson, Lennart,</subfield>
    <subfield code="e">coord.</subfield>
  </datafield>
  <datafield tag="700" ind1="1" ind2=" ">
    <subfield code="a">Buckhoj, poul,</subfield>
    <subfield code="e">il. </subfield>
  </datafield>
  <datafield tag="942" ind1=" " ind2=" ">
    <subfield code="2">lcc</subfield>
    <subfield code="c">LIB</subfield>
  </datafield>
  <datafield tag="999" ind1=" " ind2=" ">
    <subfield code="c">7103</subfield>
    <subfield code="d">7103</subfield>
  </datafield>
  <datafield tag="952" ind1=" " ind2=" ">
    <subfield code="1">0</subfield>
    <subfield code="2">lcc</subfield>
    <subfield code="4">0</subfield>
    <subfield code="7">0</subfield>
    <subfield code="a">POS-041</subfield>
    <subfield code="b">POS-041</subfield>
    <subfield code="c">GENERAL</subfield>
    <subfield code="d">2011-03-14</subfield>
    <subfield code="f">1a ed.</subfield>
    <subfield code="k">CS</subfield>
    <subfield code="o">RK533 A53 1992</subfield>
    <subfield code="p">BPO000000521</subfield>
    <subfield code="r">2011-03-14 00:00:00</subfield>
    <subfield code="t">1</subfield>
    <subfield code="v">1.00</subfield>
    <subfield code="y">LIB</subfield>
    <subfield code="z">GENERAL</subfield>
  </datafield>
  <datafield tag="952" ind1=" " ind2=" ">
    <subfield code="1">0</subfield>
    <subfield code="2">lcc</subfield>
    <subfield code="4">0</subfield>
    <subfield code="7">0</subfield>
    <subfield code="a">POS-041</subfield>
    <subfield code="b">POS-041</subfield>
    <subfield code="c">GENERAL</subfield>
    <subfield code="d">2011-03-14</subfield>
    <subfield code="f">1a ed.</subfield>
    <subfield code="k">CS</subfield>
    <subfield code="o">RK533 A53 1992</subfield>
    <subfield code="p">BPO000000522</subfield>
    <subfield code="r">2011-03-14 00:00:00</subfield>
    <subfield code="t">2</subfield>
    <subfield code="v">1.00</subfield>
    <subfield code="y">LIB</subfield>
    <subfield code="z">GENERAL</subfield>
  </datafield>
  <datafield tag="952" ind1=" " ind2=" ">
    <subfield code="1">0</subfield>
    <subfield code="2">lcc</subfield>
    <subfield code="4">0</subfield>
    <subfield code="7">0</subfield>
    <subfield code="a">LIC-028</subfield>
    <subfield code="b">LIC-028</subfield>
    <subfield code="c">CONSULTA</subfield>
    <subfield code="d">2016-08-03</subfield>
    <subfield code="f">1a. ed.</subfield>
    <subfield code="i">CS</subfield>
    <subfield code="k">CS</subfield>
    <subfield code="o">RK533 A54 1992</subfield>
    <subfield code="p">BFO000002108</subfield>
    <subfield code="r">2016-08-03 00:00:00</subfield>
    <subfield code="t">C:1</subfield>
    <subfield code="v">0.00</subfield>
    <subfield code="y">LIB</subfield>
  </datafield>
</record>
